1982 Songs. Name the Band - Statistics

General Stats
  • This quiz has been taken 76 times
  • The average score is 10 of 20
Answer Stats
Songs Answer % Correct
Africa Toto
97%
Hungry Like the Wolf Duran Duran
96%
Rock the Casbah The Clash
81%
The Safety Dance Men Without Hats
72%
I Ran (So Far Away) A Flock of Seagulls
64%
Heat of the Moment Asia
55%
Hurt So Good John Cougar
54%
Hard to Say I'm Sorry/Get Away Chicago
51%
Run to the Hills Iron Maiden
47%
Always On My Mind Willie Nelson
45%
(Oh) Pretty Woman Van Halen
43%
Gloria Laura Branigan
39%
I Melt With You Modern English
39%
Do You Believe in Love Huey Lewis and The News
32%
Don't Talk to Strangers Rick Springfield
32%
Caught Up in You 38 Special
31%
Love Plus One Haircut One Hundred
31%
Empty Garden (Hey Hey Johnny) Elton John
26%
I Know What Boys Like The Waitresses
23%
Take It Away Paul McCartney
20%
No matching quizzes found
Score Distribution
Percent of People with Each Score
Percentile by Number Answered
Your Score History
You have not taken this quiz